Deutsche Städte mit "B" - Statistiken

Allgemein
  • Dieses Quiz wurde 143 mal gespielt
  • Das Durchschnittsergebnis liegt bei 61 aus 262
Antwortstatistiken
Bundesland Stadt % Korrekt
Baden-Württemberg Baden-Baden
95%
Sachsen-Anhalt Burg
88%
Berlin Berlin
86%
Nordrhein-Westfalen Bochum
81%
Bayern Bamberg
80%
Nordrhein-Westfalen Bonn
80%
Nordrhein-Westfalen Bottrop
80%
Hansestadt Bremen Bremen
79%
Nordrhein-Westfalen Büren
78%
Niedersachsen Braunschweig
75%
Hansestadt Bremen Bremerhaven
75%
Bayern Bayreuth
74%
Nordrhein-Westfalen Bielefeld
70%
Baden-Württemberg Böblingen
70%
Niedersachsen Bergen
69%
Rheinland-Pfalz Bingen am Rhein
68%
Sachsen Brand-Erbisdorf
68%
Mecklenburg-Vorpommern Bergen auf Rügen
67%
Hessen Bad Homburg vor der Höhe
65%
Brandenburg Brandenburg an der Havel
65%
Rheinland-Pfalz Bad Kreuznach
64%
Nordrhein-Westfalen Bergisch Gladbach
63%
Nordrhein-Westfalen Bocholt
63%
Sachsen Bautzen
62%
Nordrhein-Westfalen Bergheim
61%
Baden-Württemberg Balingen
59%
Baden-Württemberg Biberach an der Riß
59%
Baden-Württemberg Bietigheim-Bissingen
59%
Nordrhein-Westfalen Bad Salzuflen
58%
Schleswig-Holstein Bad Oldesloe
57%
Hessen | Nordrhein-Westfalen Borken
57%
Hessen Bad Nauheim
55%
Hessen Bad Hersfeld
52%
Bayern Bad Kissingen
48%
Bayern Bad Neustadt an der Saale
48%
Sachsen-Anhalt Bitterfeld-Wolfen
48%
Baden-Württemberg Bruchsal
47%
Nordrhein-Westfalen Bornheim
46%
Baden-Württemberg Bad Mergentheim
45%
Nordrhein-Westfalen Bad Oeynhausen
45%
Bayern Bad Tölz
45%
Sachsen-Anhalt Bernburg (Saale)
45%
Nordrhein-Westfalen Brühl
45%
Bayern Burghausen
45%
Rheinland-Pfalz Bitburg
44%
Rheinland-Pfalz Bad Ems
43%
Niedersachsen Bad Pyrmont
43%
Rheinland-Pfalz Birkenfeld
43%
Baden-Württemberg Buchen (Odenwald)
43%
Schleswig-Holstein Bad Segeberg
42%
Hessen Baunatal
42%
Rheinland-Pfalz Bad Neuenahr-Ahrweiler
41%
Nordrhein-Westfalen Beckum
41%
Brandenburg Bernau bei Berlin
41%
Sachsen Borna
41%
Mecklenburg-Vorpommern Bad Doberan
39%
Thüringen Bad Salzungen
39%
Nordrhein-Westfalen Bünde
39%
Rheinland-Pfalz Bad Dürkheim
38%
Rheinland-Pfalz Boppard
38%
Schleswig-Holstein Bad Schwartau
36%
Sachsen Burgstädt
36%
Niedersachsen Buxtehude
36%
Thüringen Bad Langensalza
35%
Rheinland-Pfalz Bernkastel-Kues
35%
Baden-Württemberg Blaubeuren
35%
Bayern Bad Reichenhall
34%
Sachsen Bad Elster
33%
Niedersachsen Bad Bentheim
32%
Hessen Bebra
32%
Hessen Büdingen
32%
Bayern Bogen
31%
Thüringen Bad Frankenhausen/Kyffhäuser
30%
Sachsen Bad Schandau
30%
Nordrhein-Westfalen Bergkamen
30%
Niedersachsen Brake (Unterweser)
30%
Baden-Württemberg Backnang
29%
Sachsen Bad Düben
29%
Brandenburg Bad Liebenwerda
29%
Sachsen Bad Muskau
29%
Hessen Bensheim
29%
Hessen Butzbach
29%
Bayern Bad Aibling
28%
Schleswig-Holstein Bad Bramstedt
28%
Niedersachsen Bad Gandersheim
28%
Bayern Beilngries
28%
Sachsen Böhlen
28%
Baden-Württemberg Bühl
28%
Thüringen Bad Blankenburg
27%
Thüringen Bad Lobenstein
27%
Sachsen Bischofswerda
27%
Mecklenburg-Vorpommern Barth
26%
Sachsen-Anhalt Blankenburg (Harz)
26%
Sachsen Bad Lausick
25%
Nordrhein-Westfalen Bedburg
25%
Baden-Württemberg Boxberg
25%
Niedersachsen Bramsche
25%
Nordrhein-Westfalen Bad Berleburg
24%
Nordrhein-Westfalen Bad Honnef
24%
Niedersachsen Barsinghausen
24%
Thüringen Bad Liebenstein
23%
Nordrhein-Westfalen Bad Münstereifel
23%
Baden-Württemberg Bad Saulgau
23%
Hessen Bad Soden-Salmünster
23%
Hessen Bad Vilbel
23%
Nordrhein-Westfalen Beverungen
23%
Hessen Biedenkopf
23%
Sachsen-Anhalt Braunsbedra
23%
Hessen Bad Soden am Taunus
22%
Sachsen Belgern-Schildau
22%
Nordrhein-Westfalen Blomberg
22%
Sachsen-Anhalt Bad Lauchstädt
21%
Hessen Bad Orb
21%
Hessen Bad Wildungen
21%
Nordrhein-Westfalen Brilon
21%
Niedersachsen Burgdorf
21%
Schleswig-Holstein Bargteheide
20%
Niedersachsen Borkum
20%
Rheinland-Pfalz Bad Bergzabern
18%
Bayern Bad Wörishofen
18%
Sachsen Brandis
18%
Hessen Babenhausen
16%
Hessen Bad Arolsen
16%
Sachsen-Anhalt Bad Dürrenberg
16%
Nordrhein-Westfalen Bad Lippspringe
16%
Baden-Württemberg Bad Säckingen
16%
Niedersachsen Bremervörde
16%
Schleswig-Holstein Brunsbüttel
16%
Niedersachsen Buchholz in der Nordheide
16%
Baden-Württemberg Bad Krozingen
15%
Nordrhein-Westfalen Baesweiler
15%
Saarland Blieskastel
15%
Hessen Braunfels
15%
Rheinland-Pfalz Bacharach
14%
Nordrhein-Westfalen Bad Driburg
14%
Baden-Württemberg Bad Liebenzell
14%
Baden-Württemberg Bad Rappenau
14%
Nordrhein-Westfalen Brakel
14%
Baden-Württemberg Breisach am Rhein
14%
Hessen Bad Camberg
13%
Brandenburg Bad Freienwalde (Oder)
13%
Hessen Bad Sooden-Allendorf
13%
Nordrhein-Westfalen Bergneustadt
13%
Niedersachsen Bad Harzburg
12%
Sachsen Bernstadt a. d. Eigen
12%
Baden-Württemberg Bretten
12%
Brandenburg Brück
12%
Niedersachsen Bad Bevensen
11%
Rheinland-Pfalz Bad Breisig
11%
Hessen Bad König
11%
Bayern Bischofsheim in der Rhön
11%
Nordrhein-Westfalen Bad Laasphe
10%
Niedersachsen Bad Nenndorf
10%
Baden-Württemberg Bad Waldsee
10%
Rheinland-Pfalz Bendorf
10%
Niedersachsen Braunlage
10%
Niedersachsen Burgwedel
10%
Hessen Bürstadt
10%
Niedersachsen Bad Münder am Deister
9%
Baden-Württemberg Bad Urach
9%
Baden-Württemberg Bad Wildbad
9%
Baden-Württemberg Bad Wimpfen
9%
Bayern Bad Windsheim
9%
Baden-Württemberg Bad Wurzach
9%
Sachsen Bernsdorf
9%
Thüringen Blankenhain
9%
Baden-Württemberg Blumberg
9%
Bayern Buchloe
9%
Bayern Bad Brückenau
8%
Baden-Württemberg Bad Dürrheim
8%
Hessen Bad Schwalbach
8%
Brandenburg Beelitz
8%
Rheinland-Pfalz Betzdorf
8%
Brandenburg Bad Belzig
7%
Rheinland-Pfalz Bad Hönningen
7%
Hessen Bad Karlshafen
7%
Niedersachsen Bad Sachsa
7%
Rheinland-Pfalz Bad Sobernheim
7%
Nordrhein-Westfalen Balve
7%
Mecklenburg-Vorpommern Boizenburg/Elbe
7%
Baden-Württemberg Bonndorf im Schwarzwald
7%
Nordrhein-Westfalen Breckerfeld
7%
Bayern Burgau
7%
Nordrhein-Westfalen Burscheid
7%
Mecklenburg-Vorpommern Bützow
7%
Thüringen Bad Berka
6%
Niedersachsen Bad Fallingbostel
6%
Thüringen Bad Köstritz
6%
Niedersachsen Bad Lauterberg im Harz
6%
Bayern Bad Staffelstein
6%
Nordrhein-Westfalen Bad Wünnenberg
6%
Thüringen Berga-Wünschendorf
6%
Niedersachsen Bersenbrück
6%
Bayern Bobingen
6%
Nordrhein-Westfalen Borgentreich
6%
Bayern Bad Berneck imFichtelgebirge
5%
Baden-Württemberg Bad Buchau
5%
Bayern Bad Griesbach im Rottal
5%
Bayern Bad Königshofen im Grabfeld
5%
Bayern Bad Rodach
5%
Brandenburg Beeskow
5%
Baden-Württemberg Besigheim
5%
Nordrhein-Westfalen Billerbeck
5%
Niedersachsen Bodenwerder
5%
Rheinland-Pfalz Braubach
5%
Niedersachsen Bückeburg
5%
Thüringen Bürgel
5%
Baden-Württemberg Bad Friedrichshall
4%
Sachsen Bad Gottleuba-Berggießhübel
4%
Niedersachsen Bad Iburg
4%
Rheinland-Pfalz Bad Marienberg (Westerwald)
4%
Niedersachsen Bad Salzdetfurth
4%
Baden-Württemberg Bad Schussenried
4%
Hssen Battenberg (Eder)
4%
Saarland Bexbach
4%
Baden-Württemberg Blaustein
4%
Niedersachsen Bleckede
4%
Nordrhein-Westfalen Borgholzhausen
4%
Baden-Württemberg Brackenheim
4%
Baden-Württemberg Burladingen
4%
Baden-Württemberg Bad Herrenalb
3%
Baden-Württemberg Bad Teinach-Zavelstein
3%
Sachsen Bad Wilsnack
3%
Bayern Baunach
3%
Thüringen Bleicherode
3%
Baden-Württemberg Bopfingen
3%
Schleswig-Holstein Bredstedt
3%
Bayern Burglengenfeld
3%
Mecklenburg-Vorpommern Burg Stargard
3%
Sachsen-Anhalt Bad Bibra
2%
Bayern Bad Kötzting
2%
Thüringen Bad Sulza
2%
Mecklenburg-Vorpommern Bad Sülze
2%
Bayern Baiersdorf
2%
Sachsen-Anhalt Barby
2%
Schleswig-Holstein Barmstedt
2%
Brandenburg Baruth/Mark
2%
Niedersachsen Bassum
2%
Rheinland-Pfalz Baumholder
2%
Bayern Berching
2%
Hessen Breuberg
2%
Mecklenburg-Vorpommern Brüel
2%
Brandenburg Buckow (Märkische Schweiz)
2%
Bayern Burgkunstadt
2%
Sachsen-Anhalt Bad Schmiedeberg
1%
Sachsen-Anhalt Ballenstedt
1%
Nordrhein-Westfalen Barntrup
1%
Baden-Württemberg Beilstein
1%
Brandenburg Biesenthal
1%
Sachsen-Anhalt Bismark (Altmark)
1%
Baden-Württemberg Bönnigheim
1%
Baden-Württemberg Bräunlingen
1%
Thüringen Brotterode-Trusetal
1%
Hessen Bruchköbel
1%
Thüringen Bad Tennstedt
0%
Bayern Bärnau
0%
Bayern Betzenstein
0%
Niedersachsen Bockenem
0%
Brandenburg Brüssow
0%
Schleswig-Holstein Büdelsdorf
0%
Bayern Burgbernheim
0%
Keine übereinstimmenden Quizze gefunden
Verteilung der Resultate
Anzahl Personen mit jedem Resultat
Perzentil nach korrekt beantworteten Fragen
Ihre Resultats-Entwicklung
Sie haben dieses Quiz noch nicht gespielt